| 000 | 00485nam a2200169Ia 4500 | ||
|---|---|---|---|
| 008 | 260407s2023 xx 000 0 und d | ||
| 041 | _aeng | ||
| 082 |
_a615.321/GOK _b11481 |
||
| 100 | _aS.B. GOKHALE | ||
| 245 | _aA PRACTICAL BOOK OF PHARAMACOGONOSY AND PHYTOCHEMISTRY- II | ||
| 250 | _a3RD | ||
| 260 |
_aPUNE _bNIRALI PRAKASHAN _c2023 |
||
| 300 | _a41p | ||
| 650 | _aPHARMACOGONOSY | ||
| 650 | _aPRACTICAL PHARAMACOGONOSY AND PHYTOCHEMISTRY- II | ||
| 700 | _aDR.M.G. KALASKAR | ||
| 999 |
_c1218973 _d1218973 |
||